000 00448nam a22001457a 4500
005 20150812110838.0
008 150812b xxu||||| |||| 00| 0 eng d
040 _cPK-LaUMT
082 _aKHC 297.95491
_bKHU-I
100 _aخورشید احمد ندیم
245 _aاسلام اور پاکستان
_cخورشید احمد ندیم
260 _aلاہور
_bالمورد ادارہ علم وتحقیق
_c1995
300 _a181 ص
942 _cBK
999 _c73819
_d73819